| 000 | 00483cam a2200169ua 4500 | ||
|---|---|---|---|
| 020 | _c75.00 | ||
| 041 |
_aeng _h |
||
| 082 |
_a604.2 _bMUR/CO |
||
| 100 | _aMurthy, Trymbaka S . | ||
| 245 |
_aKey to S. Trymbaka Murthy`s computer aided engineering drawing / _cS Trymbaka Murthy. _hTextual Documents |
||
| 260 |
_aNew Delhi : _bI.K International Publishing House , _c2007. |
||
| 300 |
_a127 ; _eCD. |
||
| 365 | _a75.00 | ||
| 504 | _a | ||
| 942 | _cBK | ||
| 999 |
_c13262 _d13262 |
||